| 000 | 01405nam0a22003131 4500 | ||
|---|---|---|---|
| 001 | v19\rc\1982969 | ||
| 005 | 20251118181210.9 | ||
| 035 | _a(NLR Aleph) 005065895 | ||
| 090 |
_a7044709 _c7044709 |
||
| 100 | _a20251123 rusy50 | ||
| 101 | 0 | _arus | |
| 102 | _aRU | ||
| 105 | _ay z ||||| | ||
| 200 | 1 |
_aО произвольной и непроизвольной деятельности правого и левого полушария мозга в связи с вопросом о воле _e(Психофизиол. исслед.) _f[Соч.] В.И. Руднева, прив.-доц. Николаев. Сарат. ун-та |
|
| 210 |
_aКазань _cТипо-лит. Ун-та _d1914 |
||
| 215 |
_a23 с. _d24 |
||
| 309 | _aБез тит. л. и обл. | ||
| 311 | _aОтт. из "Неврол. вестн." 1914, т. 21, вып. 1 | ||
| 320 | _aБиблиогр. в примеч. | ||
| 488 | 0 |
_12001#$aНеврологический вестник$v1914, т. 21, вып. 1 _tНеврологический вестник |
|
| 700 | 1 |
_4220 _aРуднев _bВ. И. _cд-р мед. наук _f1870-1951 _gВладимир Иванович _9138976 _3RU\NLR\AUTH\770139011 |
|
| 801 | 0 |
_aRU _bNLR _gpsbo |
|
| 801 | 0 |
_aRU _bRuMoRGB _2psbo |
|
| 801 | 1 |
_aRU _bProSoft-M _2rusmarc |
|
| 852 |
_aNLR _j37.54.4.459 |
||
| 899 |
_aRuMoRGB _jV 58/189 |
||
| 899 | _aБАН | ||
| 942 | _cBOOK | ||
| 980 | _aNB | ||